In The Heights - When You're Home Lyrics (Part 2) Quiz Stats

Quiz not verified by Sporcle

Also try: 3-Named Actors
Challenge
Share
Tweet
Embed
Score 0/252 Timer 10:00
0 Plays Today
% Correct
I
97.6%
you
97.6%
I
97.6%
You
97.6%
When
97.6%
when
97.6%
you
97.6%
you
97.6%
When
97.6%
I
97.6%
was
97.6%
I
97.6%
I
97.6%
I
97.6%
I
97.6%
I
97.6%
I
97.6%
I
97.6%
I
97.6%
when
97.6%
I
97.6%
I
97.6%
you
97.6%
you
97.6%
when
97.6%
you
97.6%
when...
97.6%
was
97.6%
When
97.6%
I
97.6%
home
96.8%
with
96.8%
With
96.8%
the
96.8%
home
96.8%
the
96.8%
home!
96.8%
with
96.8%
the
96.8%
with
96.8%
the
96.8%
the
96.8%
the
96.8%
the
96.8%
home
96.8%
home
96.8%
I'm
96.8%
home
96.8%
with
96.8%
home
96.8%
the
96.8%
the
96.8%
home
96.8%
I'm
96.8%
home
96.8%
home (I'm home!)
96.8%
home! (I'm home!)
96.8%
your
96%
you're
96%
you're
96%
you're
96%
And
96%
would
96%
would
96%
be
96%
all
96%
all
96%
be?
96%
you're
96%
all
96%
be
96%
your
96%
you're
96%
and
96%
all
96%
and
96%
your
96%
you're
96%
You're
96%
You're
96%
see
95.2%
me...
95.2%
say
95.2%
say
95.2%
% Correct
what
95.2%
if
95.2%
my
95.2%
parents
95.2%
if
95.2%
If
95.2%
my
95.2%
My
95.2%
my
95.2%
say
95.2%
me
95.2%
my
95.2%
say
95.2%
my
95.2%
me!
95.2%
say
95.2%
me
95.2%
I'd
94.4%
that
94.4%
here
94.4%
that
94.4%
Don't
94.4%
that
94.4%
Don't
94.4%
that!
94.4%
I'd
94.4%
had
94.4%
stayed
94.4%
in
94.4%
Rico
94.4%
Who
94.4%
had
94.4%
never
94.4%
lived
94.4%
in
94.4%
Rico
94.4%
people
94.4%
people!
94.4%
to
94.4%
can
94.4%
at
94.4%
I'd
94.4%
at
94.4%
to
94.4%
don't
94.4%
way
94.4%
can
94.4%
to
94.4%
That
94.4%
that
94.4%
way
94.4%
world
94.4%
we
94.4%
her
94.4%
here
94.4%
to
94.4%
we
94.4%
lived
94.4%
at
94.4%
world!
94.4%
on
93.7%
on
93.7%
But
93.7%
of
93.7%
But
93.7%
knew
93.7%
of
93.7%
No
92.9%
younger
92.9%
Puerto
92.9%
seen
92.9%
Puerto
92.9%
I've
92.9%
find
92.9%
learning
92.9%
Spanish
92.9%
learning
92.9%
find
92.9%
Stanford
92.9%
So
92.9%
I've
92.9%
Then
92.9%
find
92.9%
gonna
92.9%
% Correct
then
92.9%
we're
92.9%
gonna
92.9%
from
92.1%
happen
92.1%
Manhattan
92.1%
lost
92.1%
day
92.1%
Nina
92.1%
change
92.1%
think
92.1%
Pare!
91.3%
walked
90.5%
senior
90.5%
studies
90.5%
buddies
90.5%
walked
90.5%
walked
90.5%
imagine
90.5%
life
90.5%
answer
90.5%
thought
90.5%
answer
90.5%
supposed
90.5%
proud
90.5%
This
90.5%
top
90.5%
rapping
89.7%
by
89.7%
by
89.7%
out
89.7%
out
89.7%
used
89.7%
As
88.9%
stare
88.9%
sea
88.9%
where
88.9%
am
88.9%
couldn't
88.9%
Now
88.1%
tried
88.1%
please
88.1%
off
88.1%
Now
88.1%
please
88.1%
again
88.1%
harder
87.3%
mind
87.3%
are
86.5%
are
86.5%
Thinking
86.5%
believe
86.5%
Working
85.7%
might
85.7%
how
85.7%
may
84.9%
listen
84.1%
get
83.3%
it
83.3%
What's
82.5%
wrong?
82.5%
is
81.7%
just
81.7%
brag
81.7%
perceive
78.6%
cheering
77.8%
Sigue
77%
Sigue!
77%
neighborhood
77%
high
74.6%
along
74.6%
Welcome
74.6%
Welcome
74.6%
Welcome
74.6%
volume
73.8%
hearing
72.2%
like
70.6%
nights
69%
feel
69%
finally
69%
cooler
68.3%
summer
63.5%
Oh
58.7%
song
57.1%

You're not logged in!

Compare scores with friends on all Sporcle quizzes.
Sign Up with Email
OR
Log In

You Might Also Like...

Show Comments

Extras

Top Quizzes Today


Score Distribution

Your Account Isn't Verified!

In order to create a playlist on Sporcle, you need to verify the email address you used during registration. Go to your Sporcle Settings to finish the process.